MARC

LEADER 00000nam0a2200000 4500
001 68700
005 20231031075058.0
010 |a 5891941511 
035 |a (RuTPU)RU\TPU\book\73159 
090 |a 68700 
100 |a 20041008d2004 m y0rusy50 ca 
101 0 |a rus 
102 |a RU 
105 |a y j 000zy 
200 1 |a Наследование по завещанию  |e практическое пособие  |f сост. О. М. Оглоблина 
210 |a Москва  |c Издание Тихомирова М. Ю.  |d 2004 
215 |a 160 с. 
610 1 |a Российская Федерация 
610 1 |a право 
610 1 |a семейное право 
610 1 |a наследование 
610 1 |a наследственное право 
610 1 |a завещание 
610 1 |a образцы 
610 1 |a нотариальные документы 
686 |a Х624я73  |v LBC/SL-A  |2 rubbk 
702 1 |a Оглоблина  |b О. М.  |4 220 
801 1 |a RU  |b 63413507  |c 20041008  |g PSBO 
801 2 |a RU  |b 63413507  |c 20101202  |g PSBO 
942 |c BK